| 000 | 00462nam a2200181Ia 4500 | ||
|---|---|---|---|
| 003 | GCL | ||
| 008 | 140319s9999 xx 000 0 eng d | ||
| 040 |
_aGCL / _cGCL |
||
| 082 | 0 | 4 |
_a610.72 _bD C |
| 100 | 1 | _aDUNN, GRAHAN | |
| 245 | 1 | 0 |
_aCLINICAL BIOSTOTISICS / _cDUNN, GRAHAN |
| 700 | 1 | _aEVERITT, BRIAN | |
| 260 |
_a[S.N] : _bEDWARD ARNOLD ، _c1995 |
||
| 300 | _a154 | ||
| 650 | 0 | 4 | _aCLINICAL MEDICINE |
| 650 | 0 | 4 | _aCLINICAL BIOSTATISTICS |
| 942 |
_2ddc _cBK |
||
| 999 |
_c10857 _d10857 |
||